000 00309nam a22001337a 4500
008 181030b xxu||||| |||| 00| 0 eng d
020 _a9780735512238
041 _aeng
080 _25 ED
_a370
100 _a45
101 _aED
245 _aThe Process Of Legal Research
_cKunz.ch.L
942 _2udc
_cBK
999 _c51150
_d51150